Fill in the Blanks #1 - Statistics

General Stats
  • This quiz has been taken 84 times
  • The average score is 10 of 12
Answer Stats
Hint Answer % Correct
To be, or ___ __ __. not to be
100%
Read _______ the lines between
96%
Once in a ____ moon blue
95%
All for one, and ___ ___ ___. one for all
95%
Practice makes _______ perfect
95%
Better ____ than never late
93%
I'm feeling a little under ___ ______. the weather
93%
He woke up on the _____ ____ of the bed. wrong side
92%
___ got your tongue? Cat
86%
Don't let a _____ ___ cross your path. black cat
74%
It's a _____ from the past! blast
68%
Dead as a ________ doornail
51%
No matching quizzes found
Score Distribution
Percent of People with Each Score
Percentile by Number Answered
Your Score History
You have not taken this quiz